Welcome to CU Library Online Public Access Catalogue (OPAC)

Nursing theories and models / (Record no. 7952)

MARC details
000 -LEADER
fixed length control field 00867cam a2200265 a 4500
001 - CONTROL NUMBER
control field 4850170
005 - DATE AND TIME OF LATEST TRANSACTION
control field 20251030122950.0
008 - FIXED-LENGTH DATA ELEMENTS--GENERAL INFORMATION
fixed length control field 910508s1992 paua b 001 0 eng c
020 ## - INTERNATIONAL STANDARD BOOK NUMBER
International Standard Book Number 0874343674
020 ## - INTERNATIONAL STANDARD BOOK NUMBER
International Standard Book Number 9780874343670
050 10 - LIBRARY OF CONGRESS CALL NUMBER
Classification number RT84.5
Item number .W47 1992
082 00 - DEWEY DECIMAL CLASSIFICATION NUMBER
Classification number 610.73/01
Edition information 20
100 1# - MAIN ENTRY--PERSONAL NAME
Personal name Wesley, Ruby L.
245 10 - TITLE STATEMENT
Title Nursing theories and models /
Statement of responsibility, etc. Ruby L. Wesley, author ; Marylou K. McHugh, reviewer.
260 ## - PUBLICATION, DISTRIBUTION, ETC.
Place of publication, distribution, etc. Springhouse, Pa. :
Name of publisher, distributor, etc. Springhouse Corp.,
Date of publication, distribution, etc. c1992.
300 ## - PHYSICAL DESCRIPTION
Extent 144 p. :
Other physical details ill. ;
Dimensions 23 cm.
440 #0 - SERIES STATEMENT/ADDED ENTRY--TITLE
Title Springhouse notes
650 #0 - SUBJECT ADDED ENTRY--TOPICAL TERM
Topical term or geographic name entry element Nursing
General subdivision Philosophy
-- Outlines, syllabi, etc.
650 #0 - SUBJECT ADDED ENTRY--TOPICAL TERM
Topical term or geographic name entry element Nursing models
General subdivision Outlines, syllabi, etc.
650 #0 - SUBJECT ADDED ENTRY--TOPICAL TERM
Topical term or geographic name entry element Nursing models
General subdivision Outlines, syllabi, etc.
650 #2 - SUBJECT ADDED ENTRY--TOPICAL TERM
Topical term or geographic name entry element Models, Nursing
General subdivision outlines.
650 #2 - SUBJECT ADDED ENTRY--TOPICAL TERM
Topical term or geographic name entry element Nursing Theory
General subdivision outlines.
700 1# - ADDED ENTRY--PERSONAL NAME
Personal name McHugh, Marylou K.
942 ## - ADDED ENTRY ELEMENTS (KOHA)
Source of classification or shelving scheme Library of Congress Classification
Koha item type Books
Suppress in OPAC No
999 ## -
-- 7952
-- 7952
Holdings
Withdrawn status Lost status Source of classification or shelving scheme Damaged status Not for loan Collection Home library Current library Shelving location Date acquired Total checkouts Full call number Barcode Date last seen Copy number Price effective from Koha item type
    Library of Congress Classification     Non-fiction Science Library (Miotso) Science Library (Miotso) General stacks 10/30/2025   RT84.5 .W47 WES SLM00005023 10/30/2025 1 10/30/2025 Books
© 2023-2024 Copyright: Central University Libraries. All Rights Reserved | Created by: Mahone Tech Office